[Event "Dortmund Sparkassen op"]
[Site "Dortmund"]
[Date "2008.07.06"]
[Round "9"]
[White "Heinzel, Peter"]
[Black "Babczyk, Adrian"]
[Result "1-0"]
[WhiteElo "1985"]
[BlackElo "2033"]
[PlyCount "64"]
[EventDate "2008.06.30"]
[EventType "swiss"]
[EventRounds "9"]
[EventCountry "GER"]
[SourceTitle "CBM 125 Extra"]
[Source "ChessBase"]
[SourceDate "2008.09.01"]
[SourceVersion "1"]
[SourceVersionDate "2008.09.01"]
[SourceQuality "1"]

1. Nf3 Nf6 2. c4 c5 3. Nc3 Nc6 4. g3 d5 5. cxd5 Nxd5 6. Bg2 e6 7. 0-0 Be7 8. b3 Nxc3 9. dxc3 Qa5 10. Bb2 Bf6 11. Qc2 0-0 12. Nd2 Qc7 13. Rad1 Bd7 14. e4 e5 15. Nc4 Be6 16. Ne3 c4 17. Nd5 cxb3 18. axb3 Bxd5 19. Rxd5 Nb4 20. Qe2 Nxd5 21. exd5 Qb6 22. Qc2 a5 23. Ba3 Rfd8 24. c4 a4 25. b4 Rac8 26. Rd1 Qa6 27. c5 Be7 28. Bf1 Qf6 29. Qxa4 Qf3 30. Rd3 Qg4 31. d6 e4 32. b5 exd3 1-0

[Event "Dortmund Sparkassen op"]
[Site "Dortmund"]
[Date "2008.06.30"]
[Round "1"]
[White "Babczyk, Adrian"]
[Black "Rehberg, Raphael"]
[Result "0-1"]
[WhiteElo "2033"]
[BlackElo "2221"]
[PlyCount "118"]
[EventDate "2008.06.30"]
[EventType "swiss"]
[EventRounds "9"]
[EventCountry "GER"]
[SourceTitle "CBM 125 Extra"]
[Source "ChessBase"]
[SourceDate "2008.09.01"]
[SourceVersion "1"]
[SourceVersionDate "2008.09.01"]
[SourceQuality "1"]

1. Nf3 c5 2. d4 cxd4 3. Nxd4 d5 4. c4 e5 5. Nf3 d4 6. e3 Nc6 7. exd4 e4 8. d5 exf3 9. dxc6 Qxd1+ 10. Kxd1 Bg4 11. g3 bxc6 12. Be3 Nf6 13. Bd3 Bb4 14. a3 Ba5 15. b4 Bb6 16. Bxb6 axb6 17. Kc2 0-0 18. h3 Bh5 19. Re1 Rfe8 20. Rxe8+ Rxe8 21. Nc3 Nd7 22. g4 Bg6 23. Bxg6 hxg6 24. Kb3 Ne5 25. Rd1 Kf8 26. Na4 Rb8 27. Nb2 g5 28. Re1 f6 29. Re3 Rd8 30. Kc3 b5 31. a4 bxa4 32. Nxa4 Rd1 33. Nb2 Rc1+ 34. Kb3 Rf1 35. Nd3 Nxd3 36. Rxd3 Rxf2 37. Kc3 Ra2 38. Kd4 f2 39. Rf3 Ke7 40. Ke3 Rc2 41. b5 Rxc4 42. bxc6 Rc2 43. Rxf2 Rxf2 44. Kxf2 Kd6 45. Ke3 Kxc6 46. Ke4 g6 47. Kd4 Kd6 48. Ke4 Kc5 49. Ke3 Kd5 50. Kd3 f5 51. gxf5 gxf5 52. Ke3 Ke5 53. Kf3 f4 54. Ke2 Ke4 55. Kf2 f3 56. Kf1 Ke3 57. Ke1 f2+ 58. Kf1 Kf3 59. h4 g4 0-1

[Event "GER-chT U16"]
[Site "Berlin"]
[Date "2005.12.29"]
[Round "6.1"]
[White "Gebhardt, Martin"]
[Black "Babczyk, Adrian"]
[Result "0-1"]
[WhiteElo "2027"]
[BlackElo "2033"]
[PlyCount "46"]
[EventDate "2005.12.27"]
[EventType "team-swiss"]
[EventRounds "7"]
[EventCountry "GER"]
[SourceTitle "EXT 2022"]
[Source "ChessBase"]
[SourceDate "2021.10.06"]
[SourceVersion "1"]
[SourceVersionDate "2021.10.06"]
[SourceQuality "1"]
[WhiteTeam "Apolda TSG U16"]
[BlackTeam "Berghofen Wambel U16"]
[WhiteTeamCountry "GER"]
[BlackTeamCountry "GER"]

1. e4 c5 2. c3 d5 3. exd5 Qxd5 4. d4 cxd4 5. cxd4 Nc6 6. Nf3 Nf6 7. Nc3 Qa5 8. Be2 e6 9. 0-0 Be7 10. Bf4 a6 11. Rc1 0-0 12. Ne5 Nxe5 13. dxe5 Nd7 14. Re1 Nxe5 15. Bxe5 Qxe5 16. Bxa6 Qa5 17. Be2 Bf6 18. g3 Rd8 19. Qb3 Bd7 20. Bf3 Rab8 21. Red1 Bg5 22. Rc2 Bc6 23. Bxc6 Rxd1+ 0-1

[Event "GER-chT U16"]
[Site "Berlin"]
[Date "2005.12.27"]
[Round "1.1"]
[White "Babczyk, Adrian"]
[Black "Koch, Friedrich"]
[Result "1/2-1/2"]
[WhiteElo "2033"]
[BlackElo "1870"]
[PlyCount "80"]
[EventDate "2005.12.27"]
[EventType "team-swiss"]
[EventRounds "7"]
[EventCountry "GER"]
[SourceTitle "EXT 2022"]
[Source "ChessBase"]
[SourceDate "2021.10.06"]
[SourceVersion "1"]
[SourceVersionDate "2021.10.06"]
[SourceQuality "1"]
[WhiteTeam "Berghofen Wambel U16"]
[BlackTeam "Friedrichsfelde Borussia U16"]
[WhiteTeamCountry "GER"]
[BlackTeamCountry "GER"]

1. e4 e5 2. f4 exf4 3. Nf3 g5 4. h4 g4 5. Ne5 d5 6. exd5 Nf6 7. Bb5+ Bd7 8. Nxd7 Nbxd7 9. Qe2+ Qe7 10. Nc3 0-0-0 11. Qxe7 Bxe7 12. d3 Nb6 13. Bxf4 Nfxd5 14. Bd2 c6 15. Bc4 Nxc4 16. dxc4 Nb6 17. c5 Bxc5 18. 0-0-0 Nc4 19. Ne4 Bb6 20. Rhf1 Rhe8 21. Rfe1 f5 22. Nc3 Rxe1 23. Bxe1 Be3+ 24. Kb1 Rxd1+ 25. Nxd1 f4 26. b3 Nd2+ 27. Kb2 Nf1 28. Kc3 g3 29. Kd3 f3 30. Nxe3 Nxe3 31. gxf3 g2 32. Bf2 Nd5 33. Ke4 Nc3+ 34. Kd3 Nd5 35. c4 Nf4+ 36. Ke3 Nh3 37. Ke2 g1Q 38. Bxg1 Nxg1+ 39. Kf2 Nh3+ 40. Kg3 Ng1 1/2-1/2

[Event "Dortmund op-A"]
[Site "Dortmund"]
[Date "2005.07.16"]
[Round "8"]
[White "Schlierf, Heiko"]
[Black "Babczyk, Adrian"]
[Result "0-1"]
[WhiteElo "1717"]
[BlackElo "1996"]
[PlyCount "64"]
[EventDate "2005.07.08"]
[EventType "swiss"]
[EventRounds "9"]
[EventCountry "GER"]
[SourceTitle "CBM 107 Extra"]
[Source "ChessBase"]
[SourceDate "2005.09.01"]
[SourceVersion "1"]
[SourceVersionDate "2005.09.01"]
[SourceQuality "1"]

1. c4 e5 2. g3 Nf6 3. Bg2 c6 4. Nc3 d6 5. d3 g6 6. e4 Bg7 7. Nge2 0-0 8. Qb3 Nbd7 9. 0-0 Nh5 10. Be3 Nc5 11. Qc2 Ne6 12. Qd2 Nd4 13. Bh6 f5 14. Bxg7 Kxg7 15. Nxd4 exd4 16. Ne2 Qf6 17. Bf3 fxe4 18. Bxh5 Bh3 19. Nf4 Bxf1 20. Rxf1 g5 21. Nh3 e3 22. Qe2 Qe5 23. f4 gxf4 24. Nxf4 Kh8 25. Bg6 Rxf4 26. Rxf4 hxg6 27. Qf3 e2 28. Rf8+ Kh7 29. Rxa8 e1Q+ 30. Kg2 Q1e2+ 31. Qxe2 Qxe2+ 32. Kh3 Kh6 0-1

[Event "Dortmund op-A"]
[Site "Dortmund"]
[Date "2005.07.15"]
[Round "7"]
[White "Babczyk, Adrian"]
[Black "Hegemann, Eike"]
[Result "0-1"]
[WhiteElo "1996"]
[BlackElo "2119"]
[PlyCount "72"]
[EventDate "2005.07.08"]
[EventType "swiss"]
[EventRounds "9"]
[EventCountry "GER"]
[SourceTitle "CBM 107 Extra"]
[Source "ChessBase"]
[SourceDate "2005.09.01"]
[SourceVersion "1"]
[SourceVersionDate "2005.09.01"]
[SourceQuality "1"]

1. Nf3 d5 2. c4 e6 3. d4 Nf6 4. Nc3 c6 5. Bg5 dxc4 6. e3 b5 7. a4 Bb7 8. Bxf6 gxf6 9. axb5 cxb5 10. Nxb5 Qb6 11. Bxc4 a6 12. Nc3 Qxb2 13. Qc1 Ba3 14. Ne2 Qb4+ 15. Qd2 Qxc4 16. Rxa3 Rg8 17. Ng3 Nd7 18. Rc3 Qb5 19. Qd3 Qxd3 20. Rxd3 Ke7 21. 0-0 f5 22. Nd2 h5 23. f3 h4 24. Ne2 Rac8 25. Rb3 Rc2 26. Rxb7 Rxd2 27. Kf2 Rc8 28. Re1 Rcc2 29. Rbb1 Nf6 30. Kf1 Nd5 31. Rb3 a5 32. e4 fxe4 33. fxe4 Nb4 34. Re3 Rb2 35. Rc1 Nc2 36. Rh3 a4 0-1

[Event "Dortmund op-A"]
[Site "Dortmund"]
[Date "2005.07.11"]
[Round "4"]
[White "Babczyk, Adrian"]
[Black "Klug, Alexander"]
[Result "0-1"]
[WhiteElo "1996"]
[BlackElo "1837"]
[PlyCount "76"]
[EventDate "2005.07.08"]
[EventType "swiss"]
[EventRounds "9"]
[EventCountry "GER"]
[SourceTitle "CBM 107 Extra"]
[Source "ChessBase"]
[SourceDate "2005.09.01"]
[SourceVersion "1"]
[SourceVersionDate "2005.09.01"]
[SourceQuality "1"]

1. e4 e6 2. d4 d5 3. Nc3 Nf6 4. e5 Nfd7 5. f4 c5 6. Nf3 Nc6 7. Be3 a6 8. Ne2 b5 9. c3 Qb6 10. g4 a5 11. f5 cxd4 12. cxd4 Ndxe5 13. Nxe5 Nxe5 14. Nc3 Nc4 15. Bxc4 dxc4 16. 0-0 b4 17. fxe6 Bxe6 18. Qf3 0-0-0 19. Ne4 Bd5 20. Qf5+ Kb7 21. a3 Qc6 22. Nd2 Re8 23. Qf2 Qe6 24. Bf4 Qxg4+ 25. Qg3 Qxg3+ 26. Bxg3 Re2 27. Rf2 Rxf2 28. Kxf2 Be7 29. axb4 axb4 30. Ra5 Rd8 31. Nf1 Kb6 32. Ne3 Kxa5 33. Bc7+ Ka4 34. Bxd8 Bxd8 35. Nxd5 Kb3 36. Ke2 c3 37. bxc3 bxc3 38. Kd1 c2+ 0-1

[Event "Dortmund op-A"]
[Site "Dortmund"]
[Date "2005.07.09"]
[Round "2"]
[White "Scharnowski, Tobias"]
[Black "Babczyk, Adrian"]
[Result "1/2-1/2"]
[WhiteElo "2135"]
[BlackElo "1996"]
[PlyCount "80"]
[EventDate "2005.07.08"]
[EventType "swiss"]
[EventRounds "9"]
[EventCountry "GER"]
[SourceTitle "CBM 107 Extra"]
[Source "ChessBase"]
[SourceDate "2005.09.01"]
[SourceVersion "1"]
[SourceVersionDate "2005.09.01"]
[SourceQuality "1"]

1. e4 c5 2. Nf3 Nc6 3. d4 cxd4 4. Nxd4 e5 5. Nb5 a6 6. Nd6+ Bxd6 7. Qxd6 Qf6 8. Qxf6 Nxf6 9. Nc3 d5 10. Bg5 d4 11. Bxf6 dxc3 12. Bxg7 Rg8 13. Bh6 Rg6 14. Be3 Nb4 15. 0-0-0 Nxa2+ 16. Kb1 Be6 17. Bc5 cxb2 18. Kxb2 Rc8 19. Bd6 Nc3 20. Re1 Na4+ 21. Kb1 Ba2+ 22. Kxa2 Rxd6 23. Bd3 b5 24. f4 Nc5 25. fxe5 Rd4 26. Re3 Nxd3 27. cxd3 a5 28. Rh3 Rc2+ 29. Kb3 Rxg2 30. Kc3 Rd7 31. Ra1 a4 32. Rxh7 Rc7+ 33. Kd4 Rg6 34. Rh8+ Ke7 35. Rb8 Rd7+ 36. Ke3 Rh6 37. Rxb5 Rh3+ 38. Kf4 Rdxd3 39. Rxa4 Rxh2 40. Ra7+ Rd7 1/2-1/2

[Event "Dortmund op-A"]
[Site "Dortmund"]
[Date "2005.07.08"]
[Round "1"]
[White "Lupor, Stefan"]
[Black "Babczyk, Adrian"]
[Result "1-0"]
[WhiteElo "2216"]
[BlackElo "1996"]
[PlyCount "45"]
[EventDate "2005.07.08"]
[EventType "swiss"]
[EventRounds "9"]
[EventCountry "GER"]
[SourceTitle "CBM 107 Extra"]
[Source "ChessBase"]
[SourceDate "2005.09.01"]
[SourceVersion "1"]
[SourceVersionDate "2005.09.01"]
[SourceQuality "1"]

1. e4 c5 2. Nf3 d6 3. d4 cxd4 4. Nxd4 Nf6 5. Nc3 a6 6. Bc4 e6 7. Bb3 Be7 8. 0-0 0-0 9. f4 Nbd7 10. Be3 Nc5 11. Qf3 Qc7 12. g4 e5 13. Nf5 exf4 14. Bxf4 Be6 15. g5 Ne8 16. Nd5 Bxd5 17. Bxd5 Qd8 18. Qg3 Ne6 19. h4 Nxf4 20. Rxf4 Nc7 21. g6 hxg6 22. Qxg6 Ne8 23. Bxf7+ 1-0

[Event "NRW-ch U16"]
[Site "Kranenburg"]
[Date "2005.04.02"]
[Round "7"]
[White "Babczyk, Adrian"]
[Black "Klein, Felix"]
[Result "0-1"]
[WhiteElo "1996"]
[BlackElo "2152"]
[PlyCount "64"]
[EventDate "2005.03.28"]
[EventType "swiss"]
[EventRounds "7"]
[EventCountry "GER"]
[SourceTitle "CBM 105 Extra"]
[Source "ChessBase"]
[SourceDate "2005.05.01"]
[SourceVersion "1"]
[SourceVersionDate "2005.05.01"]
[SourceQuality "1"]

1. e4 c5 2. d4 cxd4 3. c3 dxc3 4. Nxc3 e6 5. Bf4 a6 6. Nf3 Nc6 7. Be2 Nge7 8. 0-0 Ng6 9. Bg3 Be7 10. Nd2 b5 11. a3 0-0 12. Kh1 Bb7 13. Rc1 Rc8 14. Nb3 Nce5 15. Nd4 Nc4 16. Rc2 Nxb2 17. Qa1 Nc4 18. Bxc4 Rxc4 19. Rd2 Bf6 20. Rfd1 Qc8 21. Nce2 Bxe4 22. f3 Bb7 23. Qb1 d5 24. Nb3 Qd7 25. Na5 Ra4 26. Nxb7 Qxb7 27. Qb3 Rc8 28. Rb1 Qe7 29. Rd3 h6 30. Nc1 Ne5 31. Bxe5 Bxe5 32. g3 Bd6 0-1

[Event "NRW-ch U16"]
[Site "Kranenburg"]
[Date "2005.03.30"]
[Round "4"]
[White "Babczyk, Adrian"]
[Black "Werthebach, Felix"]
[Result "1-0"]
[WhiteElo "1996"]
[BlackElo "1942"]
[PlyCount "113"]
[EventDate "2005.03.28"]
[EventType "swiss"]
[EventRounds "7"]
[EventCountry "GER"]
[SourceTitle "CBM 105 Extra"]
[Source "ChessBase"]
[SourceDate "2005.05.01"]
[SourceVersion "1"]
[SourceVersionDate "2005.05.01"]
[SourceQuality "1"]

1. e4 c5 2. d4 cxd4 3. c3 d3 4. Bxd3 d6 5. Nf3 Nc6 6. 0-0 Nf6 7. Nbd2 g6 8. Nb3 Bg7 9. h3 0-0 10. Be3 b6 11. Qd2 Bb7 12. Bh6 Ne5 13. Nxe5 dxe5 14. Bxg7 Kxg7 15. Qe3 Rc8 16. Rad1 Qc7 17. Rd2 Rfd8 18. f4 exf4 19. Rxf4 Qe5 20. Rdf2 Rf8 21. Nd2 Nd5 22. Rf5 Qxf5 23. Qd4+ e5 24. Qa4 Nxc3 25. bxc3 Qe6 26. Qxa7 Qc6 27. Nc4 Rc7 28. Qxb6 Qxb6 29. Nxb6 Rxc3 30. Bc2 Rd8 31. Bb3 f6 32. Nd5 Bxd5 33. Bxd5 f5 34. Rb2 Rc7 35. a4 Rxd5 36. exd5 Ra7 37. Rb4 Kf7 38. Kf2 Ke7 39. Rb6 e4 40. Rb5 Kd6 41. a5 g5 42. Ke3 Ke5 43. d6+ Ke6 44. Kd4 h5 45. Re5+ Kf6 46. Rd5 Ke6 47. a6 e3 48. d7 Rxd7 49. Rxd7 Kxd7 50. Kxe3 Kc6 51. h4 f4+ 52. Kf3 gxh4 53. Kxf4 Kb6 54. Kg5 Kxa6 55. Kxh4 Kb6 56. Kxh5 Kc7 57. g4 1-0

[Event "GER-chT U16"]
[Site "Dittrichshuette"]
[Date "2004.12.29"]
[Round "5"]
[White "Babczyk, Adrian"]
[Black "Beck, Frederik"]
[Result "1/2-1/2"]
[WhiteElo "1940"]
[BlackElo "2116"]
[PlyCount "77"]
[EventDate "2004.12.27"]
[EventType "team"]
[EventRounds "6"]
[EventCountry "GER"]
[SourceTitle "EXT 2006"]
[Source "ChessBase"]
[SourceDate "2005.11.24"]
[SourceVersion "1"]
[SourceVersionDate "2005.11.24"]
[SourceQuality "1"]

1. Nf3 Nf6 2. d4 c5 3. c4 cxd4 4. Nxd4 b6 5. Nc3 Bb7 6. Bg5 d6 7. Qd2 Nbd7 8. e3 a6 9. f3 e6 10. Be2 Be7 11. 0-0 0-0 12. Rac1 Rc8 13. Rfd1 Re8 14. a3 Qc7 15. b4 Qb8 16. Nb3 h6 17. Bf4 Ne5 18. Qd4 Nc6 19. Qd2 Ne5 20. Na4 Bc6 21. Nb2 Red8 22. Qe1 Ba8 23. Bxe5 dxe5 24. Rxd8+ Bxd8 25. Kh1 g6 26. c5 b5 27. Rd1 Bc7 28. e4 Bc6 29. Nd3 Nd7 30. Qh4 Kg7 31. Qe1 f5 32. Nf2 Nf6 33. Bd3 Rd8 34. Bc2 Rxd1 35. Qxd1 Qa8 36. Nd2 a5 37. Qb1 Qd8 38. Qe1 Qd4 39. Nb1 1/2-1/2

[Event "Dortmund op-A"]
[Site "Dortmund"]
[Date "2004.07.28"]
[Round "6"]
[White "Babczyk, Adrian"]
[Black "Topp, Michael"]
[Result "1/2-1/2"]
[WhiteElo "1931"]
[BlackElo "2115"]
[PlyCount "119"]
[EventDate "2004.07.??"]
[EventType "swiss"]
[EventRounds "9"]
[EventCountry "GER"]
[SourceTitle "EXT 2006"]
[Source "ChessBase"]
[SourceDate "2005.11.24"]
[SourceVersion "1"]
[SourceVersionDate "2005.11.24"]
[SourceQuality "1"]

1. e4 d6 2. d4 Nf6 3. Nc3 g6 4. Bc4 Bg7 5. Nge2 0-0 6. Bg5 Nxe4 7. Nxe4 d5 8. Bd3 dxe4 9. Bxe4 Nd7 10. c3 Nf6 11. Bf3 c6 12. Qd2 Be6 13. h4 Bd5 14. Rh3 Bxf3 15. Rxf3 Qa5 16. Bh6 Rad8 17. Bxg7 Kxg7 18. b4 Qd5 19. Nf4 Qe4+ 20. Qe2 Qxe2+ 21. Kxe2 Rfe8 22. Re3 h6 23. Rh1 a5 24. bxa5 Ra8 25. Re5 Nd7 26. Re3 Rxa5 27. Ra1 e6 28. Nd3 Rea8 29. Nc1 Nb6 30. Rb1 Nc4 31. Rd3 b5 32. f4 g5 33. hxg5 hxg5 34. Rg3 f6 35. fxg5 f5 36. Ke1 Kg6 37. Nd3 e5 38. Nxe5+ Nxe5 39. dxe5 Rxa2 40. Rd1 Ra1 41. Rxa1 Rxa1+ 42. Kd2 f4 43. Rf3 Kxg5 44. g3 fxg3 45. Rxg3+ Kf5 46. Re3 Ke6 47. Kd3 Rd1+ 48. Ke4 c5 49. Re2 Rb1 50. Re3 Ra1 51. Re2 Ra4+ 52. Kd3 Ra3 53. Re1 b4 54. Rc1 Kd5 55. e6 c4+ 56. Ke3 bxc3 57. e7 c2+ 58. Kf4 Ra8 59. Rxc2 Re8 60. Re2 1/2-1/2

[Event "Dortmund op-A"]
[Site "Dortmund"]
[Date "2004.07.27"]
[Round "5"]
[White "Klatt, Peter"]
[Black "Babczyk, Adrian"]
[Result "0-1"]
[WhiteElo "2042"]
[BlackElo "1931"]
[PlyCount "188"]
[EventDate "2004.07.??"]
[EventType "swiss"]
[EventRounds "9"]
[EventCountry "GER"]
[SourceTitle "EXT 2006"]
[Source "ChessBase"]
[SourceDate "2005.11.24"]
[SourceVersion "1"]
[SourceVersionDate "2005.11.24"]
[SourceQuality "1"]

1. e4 c5 2. Nf3 Nc6 3. c3 Nf6 4. e5 Nd5 5. d4 cxd4 6. cxd4 e6 7. Nc3 Bb4 8. Bd2 Qa5 9. Qb3 Qb6 10. Nxd5 Bxd2+ 11. Nxd2 exd5 12. 0-0-0 Qxd4 13. Nf3 Qc5+ 14. Kb1 Ne7 15. Nd4 d6 16. Bb5+ Kf8 17. Rhe1 a6 18. exd6 Qxd6 19. Bf1 Nc6 20. g3 Nxd4 21. Rxd4 Be6 22. Bg2 Rd8 23. Red1 Qe7 24. a3 g6 25. Bxd5 Bxd5 26. Rxd5 Rxd5 27. Qxd5 Kg7 28. Rd3 Rc8 29. Rb3 Rc7 30. Re3 Qc5 31. Qxc5 Rxc5 32. Re7 b5 33. Ra7 Rc6 34. b4 Kf6 35. Kb2 Ke6 36. Kb3 h5 37. h4 f6 38. f3 Kf5 39. Rd7 g5 40. hxg5 fxg5 41. Rd5+ Kf6 42. f4 gxf4 43. gxf4 Kg6 44. Rg5+ Kh6 45. Rg8 Rf6 46. Ra8 Kg6 47. a4 h4 48. axb5 axb5 49. Rg8+ Kh7 50. Rg4 h3 51. Rg1 h2 52. Rh1 Rh6 53. Kc3 Kg6 54. Kd4 Rh5 55. Ke4 Kf7 56. Kf3 Kf6 57. Kg4 Rh8 58. f5 Rh7 59. Kf4 Rh5 60. Kg4 Rg5+ 61. Kh4 Rg8 62. Kh3 Kg5 63. f6 Rh8+ 64. Kg2 Kxf6 65. Rf1+ Ke5 66. Kh1 Kd4 67. Rc1 Rh5 68. Rc8 Ke4 69. Rc3 Rd5 70. Kxh2 Rd2+ 71. Kg1 Rb2 72. Kf1 Kd4 73. Rc8 Rxb4 74. Ke2 Rc4 75. Rb8 Kc5 76. Kd3 Kb4 77. Rb7 Ka4 78. Rb8 Kb4 79. Rb7 Rc5 80. Kd4 Rc4+ 81. Kd3 Rc3+ 82. Kd2 Rc5 83. Rd7 Kb3 84. Rd3+ Kb2 85. Rd4 Rc4 86. Rd5 b4 87. Rb5 b3 88. Rb6 Rd4+ 89. Ke3 Rd7 90. Ke2 Kc2 91. Rc6+ Kb1 92. Rb6 b2 93. Rb8 Ra7 94. Rd8 Ka1 0-1

[Event "Dortmund op-A"]
[Site "Dortmund"]
[Date "2004.07.25"]
[Round "3"]
[White "Babczyk, Adrian"]
[Black "Zachos, Ingo"]
[Result "0-1"]
[WhiteElo "1931"]
[BlackElo "2107"]
[PlyCount "46"]
[EventDate "2004.07.??"]
[EventType "swiss"]
[EventRounds "9"]
[EventCountry "GER"]
[SourceTitle "EXT 2006"]
[Source "ChessBase"]
[SourceDate "2005.11.24"]
[SourceVersion "1"]
[SourceVersionDate "2005.11.24"]
[SourceQuality "1"]

1. e4 d6 2. d4 Nf6 3. Nc3 g6 4. Bg5 Bg7 5. f4 h6 6. Bh4 c5 7. Bxf6 Bxf6 8. e5 cxd4 9. exf6 dxc3 10. bxc3 exf6 11. Qd4 0-0 12. 0-0-0 Qa5 13. Bc4 Kg7 14. Qxd6 Qxc3 15. Qxf8+ Kxf8 16. Rd8+ Kg7 17. Rxc8 b5 18. Bd5 Qxc8 19. Bxa8 Qc3 20. Kb1 Qe1+ 21. Kb2 Na6 22. g3 Nc5 23. Nh3 Na4+ 0-1

[Event "Dortmund op-A"]
[Site "Dortmund"]
[Date "2004.07.24"]
[Round "2"]
[White "Bramkamp, Rainer"]
[Black "Babczyk, Adrian"]
[Result "1/2-1/2"]
[WhiteElo "2168"]
[BlackElo "1931"]
[PlyCount "80"]
[EventDate "2004.07.??"]
[EventType "swiss"]
[EventRounds "9"]
[EventCountry "GER"]
[SourceTitle "EXT 2006"]
[Source "ChessBase"]
[SourceDate "2005.11.24"]
[SourceVersion "1"]
[SourceVersionDate "2005.11.24"]
[SourceQuality "1"]

1. e4 c5 2. Nf3 Nc6 3. Bb5 d6 4. h3 Bd7 5. 0-0 Ne5 6. Bxd7+ Qxd7 7. d3 e6 8. a4 Ne7 9. Nbd2 N7c6 10. Nc4 Nxf3+ 11. Qxf3 Nd4 12. Qd1 Be7 13. c3 Nc6 14. Re1 0-0 15. Bf4 f5 16. exf5 Rxf5 17. Bg3 Raf8 18. Re2 d5 19. Ne5 Nxe5 20. Bxe5 Bd6 21. Bxd6 Qxd6 22. d4 e5 23. dxe5 Rxe5 24. Rxe5 Qxe5 25. Qd2 Rf4 26. Re1 Re4 27. Rxe4 Qxe4 28. Kf1 Kf7 29. f3 Qe5 30. Kf2 h6 31. Qe3 Qxe3+ 32. Kxe3 Ke6 33. f4 g6 34. g4 b6 35. Kd3 h5 36. b3 h4 37. Ke3 Kf6 38. Kd3 Ke6 39. Ke3 Kf6 40. Kd3 Ke6 1/2-1/2

[Event "Ruhrgebiet VL2 0304"]
[Site "Ruhrgebiet"]
[Date "2004.04.25"]
[Round "9.7"]
[White "Rickert, Dirk"]
[Black "Babczyk, Adrian"]
[Result "1/2-1/2"]
[WhiteElo "1939"]
[BlackElo "1822"]
[PlyCount "20"]
[EventDate "2003.09.28"]
[EventType "team"]
[EventRounds "9"]
[EventCountry "GER"]
[SourceTitle "EXT 2007"]
[Source "ChessBase"]
[SourceDate "2006.11.23"]
[SourceVersion "1"]
[SourceVersionDate "2006.11.23"]
[SourceQuality "1"]
[WhiteTeam "Gladbeck SG"]
[BlackTeam "Berghofen Wambel"]
[WhiteTeamCountry "GER"]
[BlackTeamCountry "GER"]

1. d4 Nf6 2. Nf3 g6 3. c4 c5 4. e3 cxd4 5. exd4 d5 6. Nc3 Bg7 7. c5 Nc6 8. h3 0-0 9. Be2 Re8 10. 0-0 Bf5 1/2-1/2

[Event "GER-chT U20"]
[Site "Ditzingen"]
[Date "2003.12.28"]
[Round "4.5"]
[White "Lingl, Xenia"]
[Black "Babczyk, Adrian"]
[Result "0-1"]
[WhiteElo "1144"]
[BlackElo "1777"]
[PlyCount "124"]
[EventDate "2003.12.27"]
[EventType "team-swiss"]
[EventRounds "7"]
[EventCountry "GER"]
[SourceTitle "EXT 2022"]
[Source "ChessBase"]
[SourceDate "2021.10.06"]
[SourceVersion "1"]
[SourceVersionDate "2021.10.06"]
[SourceQuality "1"]
[WhiteTeam "Puschendorf U20"]
[BlackTeam "Berghofen Wambel U20"]
[WhiteTeamCountry "GER"]
[BlackTeamCountry "GER"]

1. e4 c5 2. Nc3 d6 3. Nf3 Nf6 4. Be2 Nc6 5. 0-0 g6 6. d3 Bg7 7. Be3 e5 8. Qd2 0-0 9. Rad1 a6 10. Bg5 Ne7 11. Rfe1 b5 12. a3 Bb7 13. b3 Nd7 14. Bh6 f5 15. Bxg7 Kxg7 16. Bf1 Rf6 17. g3 fxe4 18. Nh4 exd3 19. cxd3 d5 20. Bg2 Rb8 21. Nb1 d4 22. Qc1 Bxg2 23. Kxg2 Nd5 24. Nf3 Qf8 25. Nh4 Rxf2+ 26. Kg1 Rb6 27. Qg5 Qf6 28. Qg4 Rd6 29. Nd2 Nc3 30. Ne4 Nxe4 31. Qxe4 g5 32. Ng2 Qf3 33. Qxf3 Rxf3 34. Rf1 Rdf6 35. Rfe1 Rf2 36. Rc1 Rd2 37. Red1 Rff2 38. Rxd2 Rxd2 39. Kf1 Rxd3 40. Rb1 e4 41. Ne1 Rc3 42. Ke2 Ne5 43. Kd1 Nf3 44. Nxf3 Rxf3 45. Kc2 Rf2+ 46. Kd1 Rxh2 47. Rc1 Rh1+ 48. Kc2 d3+ 49. Kb1 Rxc1+ 50. Kxc1 e3 51. Kd1 c4 52. bxc4 bxc4 53. a4 e2+ 54. Kd2 c3+ 55. Ke1 c2 56. Kd2 e1Q+ 57. Kxe1 c1Q+ 58. Kf2 g4 59. a5 d2 60. Ke3 d1Q+ 61. Ke4 Qf3+ 62. Kd4 Qcc3# 0-1

[Event "Halver-ch"]
[Site "Halver"]
[Date "2003.10.17"]
[Round "?"]
[White "Babczyk, Adrian"]
[Black "Mantler, Hendrik"]
[Result "1-0"]
[WhiteElo "1730"]
[BlackElo "1950"]
[PlyCount "49"]
[EventDate "2003.09.14"]
[EventType "swiss"]
[EventRounds "9"]
[EventCountry "GER"]
[SourceTitle "EXT 2007"]
[Source "ChessBase"]
[SourceDate "2006.11.23"]
[SourceVersion "1"]
[SourceVersionDate "2006.11.23"]
[SourceQuality "1"]

1. Nf3 c5 2. d4 cxd4 3. Nxd4 Nf6 4. c4 b6 5. Nc3 Bb7 6. Bg5 e6 7. e4 d6 8. Bd3 Be7 9. 0-0 0-0 10. f4 Nbd7 11. Qe2 Nc5 12. Bc2 d5 13. Bxf6 Bxf6 14. e5 Be7 15. Rad1 Qc8 16. f5 f6 17. fxe6 Nxe6 18. Qh5 h6 19. Nxe6 Qxe6 20. Qg6 Bc5+ 21. Kh1 Bc6 22. Qh7+ Kf7 23. Bg6+ Ke7 24. Qxg7+ Kd8 25. cxd5 1-0

[Event "Dortmund op-A"]
[Site "Dortmund"]
[Date "2003.08.10"]
[Round "9"]
[White "Babczyk, Adrian"]
[Black "Ackermann, Frank"]
[Result "1/2-1/2"]
[WhiteElo "1741"]
[BlackElo "2103"]
[PlyCount "48"]
[EventDate "2003.08.01"]
[EventType "swiss"]
[EventRounds "9"]
[EventCountry "GER"]
[SourceTitle "CBM 095 Extra"]
[Source "ChessBase"]
[SourceDate "2003.09.04"]
[SourceVersion "1"]
[SourceVersionDate "2003.09.04"]
[SourceQuality "1"]

1. Nf3 d5 2. c4 c6 3. d4 Nf6 4. e3 e6 5. Nc3 Nbd7 6. Be2 dxc4 7. Bxc4 b5 8. Bd3 Bb7 9. 0-0 a6 10. Re1 c5 11. e4 cxd4 12. Nxd4 Nc5 13. Bc2 Be7 14. b4 Ncd7 15. a3 Qc7 16. Bb2 Ne5 17. Bb3 Rd8 18. Bxe6 0-0 19. Bd5 Bxd5 20. Nxd5 Nxd5 21. exd5 Rxd5 22. Qb3 Nc4 23. Rac1 Bf6 24. Nf3 Bxb2 1/2-1/2

[Event "Dortmund op-A"]
[Site "Dortmund"]
[Date "2003.08.03"]
[Round "3"]
[White "Babczyk, Adrian"]
[Black "Hemmings, Martin"]
[Result "1-0"]
[WhiteElo "1741"]
[BlackElo "1907"]
[PlyCount "75"]
[EventDate "2003.08.01"]
[EventType "swiss"]
[EventRounds "9"]
[EventCountry "GER"]
[SourceTitle "CBM 095 Extra"]
[Source "ChessBase"]
[SourceDate "2003.09.04"]
[SourceVersion "1"]
[SourceVersionDate "2003.09.04"]
[SourceQuality "1"]

1. e4 d5 2. exd5 Qxd5 3. Nc3 Qa5 4. d4 c6 5. Bc4 Nf6 6. Bd2 Qc7 7. Nf3 Bg4 8. h3 Bh5 9. 0-0 e6 10. Re1 Be7 11. Bb3 0-0 12. Qe2 Nd5 13. Bxd5 cxd5 14. Nxd5 exd5 15. Qxe7 Qxe7 16. Rxe7 Bxf3 17. gxf3 Nc6 18. Rxb7 Nxd4 19. Bc3 Nxf3+ 20. Kg2 Nh4+ 21. Kf1 Nf3 22. Rd7 Rfd8 23. Rxd8+ Rxd8 24. Rd1 f5 25. Rd3 Ng5 26. Ba5 Rd7 27. c4 d4 28. c5 Ne4 29. b4 a6 30. a4 g5 31. c6 Rg7 32. b5 axb5 33. axb5 Ra7 34. Ra3 g4 35. hxg4 fxg4 36. b6 Ra6 37. b7 Rxc6 38. b8Q+ 1-0